| 000 | 00700nam a2200229Ia 4500 | ||
|---|---|---|---|
| 003 | OSt | ||
| 005 | 20220923221532.0 | ||
| 006 | a|||||r|||| 00| 0 | ||
| 007 | ta | ||
| 008 | RAJ | ||
| 024 | _a197,952 | ||
| 037 | _cTextual | ||
| 040 |
_aARTS _cARTS _bRAJ |
||
| 041 |
_2RAJ _aRAJ |
||
| 082 | _aO1528,1JKH,1, 152K0 | ||
| 100 |
_aखिडिया जगा; राठौड़, रतन सिंधजी, संपा. _9165422 |
||
| 245 | 0 | _aवचनिका | |
| 246 | _aVachanikā: | ||
| 260 | _c1960 | ||
| 942 |
_hO1528,1JKH,1, 152K0 _cTEXL _2CC |
||
| 999 |
_c349822 _d349822 |
||